Suomalaisurheilua N-kirjaimella - Statistics

Yleistilastot
  • Tätä visaa on pelattu 36 kertaa
  • Keskiarvotulos 6 / 10
Vastaustilastot
Vihje Vastaus % Oikein
12 mitalia olympialaisista, mutta ei yhtään pronssista Paavo Nurmi
89%
1981 syntynyt ja itsensä sijalle 13 huitonut maskulainen Jarkko Nieminen
78%
10km:n oympiavoitto 0,4 sekunnin päässä Kerttu Niskanen
67%
Yhteensä 1 454 NHL-ottelua vuosina 1988-2009 Teppo Numminen
63%
1. MM-kulta 1981, viimeinen 2011 Matti Nykänen
56%
Ensimmäinen viiden metrin ylittäjä Pentti Nikula
56%
13 peräkkäiset jääkiekon MM-kisat Petteri Nummelin
56%
Nuorten maailmanmestari 1987, 6 aikuisten arvokisakultaa, mutta ei henkilökohtaista Ari-Pekka Nikkola
44%
"Nyt tuli kaamea heitto" Pauli Nevala
41%
Neljät olympialaiset 60- ja 70-luvuilla. Seuraavassa lajissaan maailman kolmanneksi paras 1990. Ilkka Nummisto
15%
Ehtoja vastaavia visoja ei löytynyt
Tulosjakauma
Jokaisen tuloksen saaneiden osuus
Persentiili vastausten määrän mukaan
Tuloshistoriasi
Et ole pelannut tätä visaa